000 00757nam a2200253Ia 4500
003 OSt
005 20250612095955.0
008 210716s2011 xx 000 0 und d
020 _a9780070586840
040 _cAIMIT LIBRARY
041 _aeng
082 _a005.7402
_bVASV
100 _aVaswani, Vikram.
_9214458
245 _aMysql :
_bComplete reference /
_cBy Vikram Vaswani.
250 _a1st ed.
260 _aNew Delhi :
_bTata McGraw Hill Publishing Company Ltd ,
_c2011.
300 _axx,537 p.;
_bPB
_c25 cm.
650 _aWorking with data
_9214459
650 _aAdministration
_9214460
650 _aPerformance optimization
_9214461
650 _aUsage
_9214462
650 _aMy sql data types
_9214463
942 _2ddc
_cBK
_k005.7402 VASV
999 _c192875
_d192875